000 00426nam a2200157Ia 4500
008 160316s1999 xxu||||| |||| 00| 0 eng d
082 _a343.087800
_bCHE
100 _aCheria Anita
245 _aThe little book of documentation
250 _a
260 _aKerala
_bAnita Cheria
_c1999
300 _a140
_b
_c
365 _bRs. 150
650 _a1. Internal Documents 2. Public Domain 3. Documentation
700 _aEdwin
_a
999 _c35435
_d35435